00370nam a2200145Ia 4500003000400000008004100004040001600045082001300061100001800074245005600092260003100148300000800179650001500187650002200202GCL140319s9999 xx 000 0 eng d aGCL / cGCL04a843bP V1 aPIERRER, DAIX10aLA VIE DE PEINTRE D'EDOUARD MANET / cPIERRER, DAIX a[S.N] : bFAYARD ، c1983 a33604aLITERATURE04aFRENCH LITERATURE